000 00365nam a2200133Ia 4500
008 220610s9999 xx 000 0 und d
082 _a891.4
_bDWA
100 _aDwadashiwar Suresh
_9129265
245 _aManvantar (Marathi)
260 _aPune
_bSadhana Prakashan
_c2010
300 _a124 P
_bPB
500 _a"Doneted by Dr. Shailesh Pitale, Nagpur"
906 _a0
_bGB
999 _c53382
_d53382